000 01024cam a2200289 a 4500
999 _c342326
_d342326
001 17519954
003 NUST
005 20171218122602.0
008 121106s2008 pk a 000 0 eng
010 _a 2012430901
020 _a9789698893033
025 _aP-E-2012430901 ; 24
037 _bLibrary of Congress -- Islamabad Overseas Office
_cRs. 300.00
040 _aDLC
_cDLC
042 _alcode
_apcc
043 _aa-pk---
_aa-ii---
050 0 0 _aGV928.P3
_bM33 2008
082 _a796.358 MAH
100 1 _aMahmood, Syed Khalid.
_97384
245 1 0 _aCricket fever :
_ba history of Pakistan-India tours /
_cSyed Khalid Mahmood ;foreword by Mushtaq Mohammad.
260 _aKarachi :
_bJumbo Publishing,
_c2008.
300 _a142p. :
_bill. (some col.);
_c22 cm.
500 _aP.B
650 0 _aCricket
_zPakistan
_xHistory.
_97441
650 0 _aCricket
_zIndia
_xHistory.
_97442
906 _a7
_bcbc
_corigode
_d3
_encip
_f20
_gy-gencatlg
942 _2ddc
_cBK
_kIESE